Donebavolajúce hriechy mesto utrpelo stratu niekoľkých miliónov...

Bibliographic Details
Main Authors: Petruš, Andrej (Author, Interviewer), Bidovský, Anton, 1960- (Author)
Format: Article
Language:Slovak
PhysicalDescription:Fotogr.
ISSN:1336-4030
Subjects:
Online Access:www.vecernik.po.sk

MARC

LEADER 00000nab a2200000 a 4500
001 vtls008997248
003 SK-MaSNL
005 20260303065802.0
008 070608c20070413xo dr n 000 00slo
038 |a SVKPOCL 
040 |a SVKPOCL  |b slo  |c AACR2  |e AACR2 
041 |a slo 
044 |a xo  |c SK 
080 |a 331.38  |2 2001 
080 |a 338.48  |2 2001 
080 |a 352.075.1  |2 2001 
100 1 |a Petruš, Andrej  |4 ivr  |4 aut  |9 672594 
245 1 0 |a Donebavolajúce hriechy  |b mesto utrpelo stratu niekoľkých miliónov...  |c Andrej Petruš, Anton Bidovský 
300 |a Fotogr. 
600 1 7 |a Bidovský, Anton,  |d 1960-  |2 snkbucl  |9 181990 
610 2 7 |a Prešov Real (Prešov, Slovensko)  |2 svkpocl  |9 1033298 
650 0 7 |a obchodná spoločnosť s účasťou mesta  |2 svkpocl  |9 1033299 
650 0 7 |a hospodárenie  |2 svkpocl  |9 322275 
651 7 |a Prešov (Slovensko)  |2 svkpocl  |9 17347 
700 1 |a Bidovský, Anton,  |d 1960-  |4 ive  |4 aut  |9 181990 
773 0 |t Prešovský večerník  |g Roč. XVIII, č. 4178 (13.4.2007), s. 12  |x 1336-4030 
852 |a SVKPO  |b KIS3GCP 
856 4 1 |u www.vecernik.po.sk 
958 |a RG 
999 |c 1752693  |d 1754623